[Event "Rhein Main op 12th"]
[Site "Bad Homburg"]
[Date "2009.06.12"]
[Round "4"]
[White "Sancar, Kenan"]
[Black "Selzer, Torsten"]
[Result "1/2-1/2"]
[WhiteElo "1963"]
[BlackElo "1648"]
[PlyCount "99"]
[EventDate "2009.06.10"]
[EventType "swiss"]
[EventRounds "7"]
[EventCountry "GER"]
[SourceTitle "CBM 131 Extra"]
[Source "ChessBase"]
[SourceDate "2009.09.03"]
[SourceVersion "2"]
[SourceVersionDate "2009.09.16"]
[SourceQuality "1"]

1. e4 c5 2. Nf3 g6 3. c4 Bg7 4. d4 Qb6 5. dxc5 Qxc5 6. Nc3 Bxc3+ 7. bxc3 d6 8. Be3 Qa5 9. Qb3 Nd7 10. Nd2 Qc7 11. Be2 Nc5 12. Qc2 Nf6 13. f3 b6 14. 0-0 Be6 15. Rfd1 Rc8 16. Bd4 Ncd7 17. a4 Ne5 18. a5 0-0 19. axb6 axb6 20. Ra4 Ra8 21. Rda1 Rxa4 22. Rxa4 Ned7 23. Nf1 Nc5 24. Ra1 Nfd7 25. Ne3 Rc8 26. Nd5 Bxd5 27. cxd5 Qd8 28. Bb5 Ne5 29. c4 f6 30. Ra3 Ra8 31. Qa2 Rxa3 32. Qxa3 Qb8 33. Kf1 g5 34. Ke2 Ng6 35. g3 h6 36. Ke3 Kf7 37. Qb2 Qc8 38. Qa2 Qb8 39. Qb1 Qc8 40. Qa2 Qb8 41. Bc3 Kg7 42. Be1 Kf7 43. h4 Kg7 44. h5 Nh8 45. Bc3 Nf7 46. Qa1 Qc8 47. Qa7 Qb7 48. Qa1 Qc8 49. Qf1 Kf8 50. g4 1/2-1/2